Top Ten Asian Countries with the Shortest Coastlines - Statistics

General Stats
  • This quiz has been taken 35 times
    22 since last reset
  • The average score is 9 of 10
Answer Stats
Miles Countries % Correct
100 Bahrain
100%
16 Jordan
100%
100 Brunei
95%
170 Israel
95%
122 Singapore
95%
140 Lebanon
90%
122 Syria
90%
36 Iraq
86%
193 Georgia
76%
275 Cambodia
71%
No matching quizzes found
Score Distribution
Percent of People with Each Score
Percentile by Number Answered
Your Score History
You have not taken this quiz since the last reset